Normal view
MARC view
Entry Personal Name
001 - CONTROL NUMBER
- control field: 30429
003 - CONTROL NUMBER IDENTIFIER
- control field: dpl
005 - DATE AND TIME OF LATEST TRANSACTION
- control field: 20110729102913.0
008 - FIXED-LENGTH DATA ELEMENTS
- fixed length control field: 110729|||a|||||| | ||| d
040 ## - CATALOGING SOURCE
- Original cataloging agency: dpl
- Transcribing agency: dpl
100 ## - HEADING--PERSONAL NAME
- Personal name: Mathur, S.N.
670 ## - SOURCE DATA FOUND
- Source citation: Work cat.: (dpl)54355: Mathur, S.N. , Adventures in geography / , 2011
670 ## - SOURCE DATA FOUND
- Source citation: Work cat.: (dpl)54355: Mathur, S.N. , Adventures in geography / , 2011
